Liga Mistrzów 2011/2012 - Statystyki

Ogólne statystyki
  • Ten quiz został rozwiązany 110 razy
  • Średni wynik to 24 z 32
Statystyki odpowiedzi
kraj klub % Poprawnych
Hiszpania Barcelona
99%
Hiszpania Real Madryt
98%
Niemcy Bayern
96%
Anglia Manchester United
96%
Anglia Chelsea
95%
Anglia Arsenal
94%
Anglia Manchester City
94%
Holandia Ajax
93%
Niemcy Borussia Dortmund
93%
Portugalia Benfica
92%
Włochy Inter
91%
Rosja CSKA
90%
Portugalia Porto
90%
Włochy Milan
87%
Rosja Zenit
87%
Włochy Napoli
84%
Hiszpania Valencia
84%
Szwajcaria Basel
75%
Chorwacja Dinamo Zagrzeb
73%
Ukraina Szachtar
73%
Cypr APOEL
69%
Francja Olympique Lyon
68%
Francja Olympique Marsylia
67%
Białoruś BATE
66%
Niemcy Bayer Leverkusen
62%
Belgia Genk
59%
Francja Lille
56%
Czechy Viktoria Pilzno
54%
Hiszpania Villarreal
50%
Grecja Olympiacos
44%
Turcja Trabzonspor
33%
Rumunia Otelul
14%
Nie znaleziono quizów pasujących do podanych kryteriów
Rozkład punktacji
Procent ludzi z każdym wynikiem
Percentyl według liczby udzielonych odpowiedzi
Twoja historia wyników
Nie rozwiązałeś tego quizu